000 01236nam a22002777a 4500
003 OSt
005 20230119142745.0
007 cr ||||||a|c|a
008 230118b2021 mx ||||fom||| 001 0 spa d
040 _erda
100 1 _9185935
_aOrdóñez Ovalle, Julián
245 1 _aEvaluación agroecológica del sistema milpa intercalada con árboles frutales (MIAF):
_bestudio de caso en Icalumtic, municipio de Chamula, Chiapas /
_cpor Julián Ordóñez Ovalle, director de tesis Emanuel Gómez Martínez
264 1 _aChapingo, México :
_bEl autor,
_c2021.
300 _a1 recurso en línea (85 páginas).
336 _2rdacontent
_atexto
_btxt
337 _2rdamedia
_acomputadora
_bc
338 _2rdacarrier
_arecurso en línea
_bcr
502 _bMCDRR
_cCentros Regionales
_d2021.
_gMAE
504 _aIncluye referencias bibliográficas: páginas 69-77
650 4 _92022
_aAgricultura sustentable
_zChiapas
650 4 _92153
_aAgroforesteria
_zChiapas
650 4 _9185443
_aCultivos asociados
_xRendimiento
700 1 _9186058
_aGómez Martínez, Emanuel
_eDirector de tesis
856 _uhttp://10.13.5.2/tesis/tm/2021_CR_Ordonez_Ovalle_Julian.pdf
_zDESCARGAR PDF
942 _2Clasificación Universidad Autónoma Chapingo
_cTD
999 _c218098
_d218098